|
|
|
|
| LEADER |
00000nab#a22000007a#4500 |
| 001 |
arbauad001837 |
| 003 |
AR-BaUAD |
| 005 |
20250711110453.0 |
| 008 |
930730|||||||||###||||||b###|0###a|spa|| |
| 040 |
|
|
|a AR-BaUAD
|c AR-BaUAD
|b spa
|
| 100 |
|
|
|a Fernández, Roberto
|
| 245 |
|
|
|a Una pasión argentina :
|b Amancio Williams "in memoriam" /
|c Roberto Fernández;
|
| 300 |
0 |
|
|b fot., plantas
|
| 653 |
|
|
|a WILLIAMS, AMANCIO
|
| 773 |
0 |
|
|t Arquitectura Viva
|g no. 14 [oct. 1990], p. 36-37
|
| 942 |
|
|
|c ARTI
|
| 952 |
|
|
|0 0
|1 0
|4 0
|7 0
|9 46757
|a AR-BAuAD
|b AR-BAuAD
|d 2025-07-11
|l 0
|p AAQA001837
|r 2025-07-11 11:04:53
|w 2025-07-11
|y ARTI
|
| 990 |
|
|
|a AQ199
|b TD
|
| 998 |
|
|
|a AAQ
|b BIBUN76
|
| 999 |
|
|
|c 26430
|d 26430
|